000 01440nam0a22003491 4500
001 RU\INFOCOMM_327\NLR\5000062031
005 20260401140021.0
010 _99735 экз.
_a5-01-001975-2
035 _a(NLR Aleph) 009613011
090 _a9384078
_c9384078
100 _a20130318d1990 u y0rusy50 ca
101 1 _aeng
_crus
102 _aRU
105 _ay z |||||
200 1 _aSelected writings and letters
_fBoris Pasternak
_g[Comp. by Galina Dzubenko
_gTransl. from the Russ. by Catherine Judeison]
210 _aM.
_cProgress
_d1990
215 _a439 с.
_cил., факс., портр.
_d20 см
300 _aВ вып. дан.: Избранные произведения и письма / Борис Леонидович Пастернак
320 _aБиблиогр. в примеч.: с. 421-439
604 _150010$aПереписка$2PSBO
_1700#1$aПастернак$bБ. Л.$gБорис Леонидович$f1890-1960$4070$2nlr_sh1
620 _aМосква
686 _aШ6(2=р)7я44
_2rubbk
686 _aШ5(2=р)7-4Пастернак
_2rubbk
700 1 _6z11510
_aPasternak
_bB. L.
_f1890-1960
_gBoris Leonidovič
_3RU\NLR\auth\773458
_4070
_7ba
702 1 _6z02790
_aDzjubenko
_bG. I.
_gGalina Ivanovna
_4000
790 1 _6z02702
_aDzubenko
_bG.
_gGalina
_4570
801 0 _aRU
_bINFOCOMM
_gPSBO
801 1 _aRU
_bInfocomm
_c20130318
852 _aNLR
_jЛ31 Д-3/835
942 _cBOOK
980 _aNB